000 00567cam a2200193 a 4500
001 000011610
005 20200929162513.0
008 731212s1967 nyua b 001 0 eng
040 _aDO-SdBNP
_beng
_cLC
_dBNPHU
082 _a668.41
_bK75m
100 1 _aKobayashi, Akira,
_d1921-
_927463
245 1 0 _aMachining of plastics /
_cAkira Kobayashi.
260 _aNew York :
_bMcGraw-Hill,
_c1967.
300 _axii, 257 p. :
_bil. ;
_c23 cm.
504 _aIncluye bibliografías.
650 4 _aPlasticos
_927464
910 _aCatalogación por copia / LC
049 _aBNGR
999 _c11303
_d11303